An investigation into the adjectives and their collocations as modifiers of noun phrases in football commontaries in English and Vietnamese

Introduction; Literature review and theoretical background; Methods and procedures...

Đã lưu trong:
Chi tiết về thư mục
Tác giả chính: Trần, Văn Chanh.
Tác giả khác: Ngũ, Thiện Hùng, Ph.D. (Supervisor.)
Định dạng: Không biết
Ngôn ngữ:English
Được phát hành: Đà Nẵng : The University of Da Nang, 2011.
Những chủ đề:
Các nhãn: Thêm thẻ
Không có thẻ, Là người đầu tiên thẻ bản ghi này!
Thư viện lưu trữ: Mạng thư viện Đại học Đà Nẵng
LEADER 03020na a2200385 4500
001 000031015
003 5288
005 20230724105908.0
008 151001s2011 000 eng
040 |a LNN 
041 |a ENG 
082 |a 420.4  |b TR-C 
100 1 |a Trần, Văn Chanh. 
245 1 3 |a An investigation into the adjectives and their collocations as modifiers of noun phrases in football commontaries in English and Vietnamese  |h [Thesis-Luận văn thạc sĩ] /  |c Trần Văn Chanh ; Ngũ Thiện Hùng hướng dẫn. 
260 |a Đà Nẵng :  |b The University of Da Nang,  |c 2011. 
300 |a 108 p. ;  |c 29 cm. +  |e 1 Abstract. 
500 |a Master thesis in the English language. Field: The English language. Code: 60.22.15. 
520 3 |a Introduction; Literature review and theoretical background; Methods and procedures... 
630 0 4 |a English language. 
650 0 4 |a English language  |x Adjectives. 
650 0 4 |a English language  |x Noun phrases. 
700 1 |a Ngũ, Thiện Hùng,  |c Ph.D.,  |e Supervisor. 
OWN |a LNN 
AVA |a UDN50  |b LNN  |c English  |d 420.4 TR-C  |e available  |t Error 5001 Not defined in file expand_doc_bib_avail.  |f 1  |g 0  |h N  |i 0  |j AN  |k 1 
Z40 3 |y An investigation into the adjectives and their collocations as modifiers of noun phrases in football  |l Library of UFL  |t VIEW  |x http://catalog.udn.vn:80/F?func=service&doc_library=UDN01&local_base=UDN01&doc_number=000031015&sequence=000001&line_number=0001&func_code=DB_RECORDS&service_type=MEDIA  |f Tomtatmoi-luanvan5chuong1_000033738.pdf  |e pdf  |s 000474182  |k 20240415  |m NTMTHI 
Z40 3 |y An investigation into the adjectives and their collocations as modifiers of noun phrases in football  |l Library of UFL  |t VIEW  |x http://catalog.udn.vn:80/F?func=service&doc_library=UDN01&local_base=UDN01&doc_number=000031015&sequence=000002&line_number=0002&func_code=DB_RECORDS&service_type=MEDIA  |f luanvan5chuong-font13_000033740.pdf  |e pdf  |s 001641032  |k 20240415  |m NTMTHI 
999 |a From the UDN01 
AVA |a UDN50  |b LNN  |c English  |d 420.4 TR-C  |e available  |t Error 5001 Not defined in file expand_doc_bib_avail.  |f 1  |g 0  |h N  |i 0  |j AN  |k 1 
TYP |a Printed language 
856 |y An investigation into the adjectives and their collocations as modifiers of noun phrases in football  |l Library of UFL  |t VIEW  |x http://catalog.udn.vn:80/F?func=service&doc_library=UDN01&local_base=UDN01&doc_number=000031015&sequence=000001&line_number=0001&func_code=DB_RECORDS&service_type=MEDIA  |f Tomtatmoi-luanvan5chuong1_000033738.pdf  |e pdf  |s 000474182  |k 20240415  |m NTMTHI 
856 |y An investigation into the adjectives and their collocations as modifiers of noun phrases in football  |l Library of UFL  |t VIEW  |x http://catalog.udn.vn:80/F?func=service&doc_library=UDN01&local_base=UDN01&doc_number=000031015&sequence=000002&line_number=0002&func_code=DB_RECORDS&service_type=MEDIA  |f luanvan5chuong-font13_000033740.pdf  |e pdf  |s 001641032  |k 20240415  |m NTMTHI 
980 |a Mạng thư viện Đại học Đà Nẵng